| 000 -LEADER |
| fixed length control field |
00688nam a22001337a 4500 |
| 008 - FIXED-LENGTH DATA ELEMENTS--GENERAL INFORMATION |
| fixed length control field |
240819b ||||| |||| 00| 0 eng d |
| 100 ## - MAIN ENTRY--PERSONAL NAME |
| Personal name |
Devadevan, Manu V. |
| 245 ## - TITLE STATEMENT |
| Title |
R. Champakalakshmi (1932-2024) |
| 260 ## - PUBLICATION, DISTRIBUTION, ETC. (IMPRINT) |
| Place of publication, distribution, etc |
Social Scientist |
| 300 ## - PHYSICAL DESCRIPTION |
| Extent |
52(3-4), Mar-Apr, 2024: p.105-112 |
| 520 ## - SUMMARY, ETC. |
| Summary, etc |
On 2 February 2024, a Tamil-speaking IT professional based in the United States, who produced and edited Wikipedia pages in his free time, called me over phone. He had read the obituary I had written in the wire for historian Radh Champakalakshmi, who died on the night of 28 January, a few months before taming 92. – Reproduced |
| 773 ## - HOST ITEM ENTRY |
| Main entry heading |
Social Scientist |
| 942 ## - ADDED ENTRY ELEMENTS (KOHA) |
| Item type |
Articles |